| 000 | 00393nam a22001457a 4500 | ||
|---|---|---|---|
| 082 | _aP-489 | ||
| 100 |
_aSyed Wassi Sabir _948260 |
||
| 245 |
_aUse of waste material in construction Industry (Marble Slurry) _cSheeraz Hussain |
||
| 260 |
_aRisalpur _bMCE _c12-12-2012 |
||
| 300 |
_a54 P.: _bILL.; |
||
| 526 |
_a0 _b0 _c0 _dP_489 |
||
| 650 | _aProject | ||
| 700 | _aArshad Ali | ||
| 942 |
_2ddc _cBK |
||
| 999 |
_c551255 _d551255 |
||